000 00831 a2200229 4500
005 20080908144654.0
008 080908t xxu||||| |||| 00| 0 eng d
010 _aENG-87648
020 _a0070659796
_c299.00
035 _aEN-71181
037 _bDBAD / PUB
082 _a333.33068
100 _aSugars, Bradley J.
245 _aThe real estate coach
_cBradley J. Sugars
260 _aNew Delhi
_bTata McGraw-Hill Publishing
_c2007
300 _axxiii, 183 p.
_bill.
_c23 cm.(Pbk)
490 _aInstant success series
650 _aReal estate business
650 _aReal property
942 _adpl
_cEN
_k333.33068 / SUG
_2ddc
_h333.33068
_mSUG
999 _c6786
_d6786